Black the Block: Literature Quiz Stats

 Plays Quiz Updated Oct 18, 2019

Score 0/30 Timer 06:00
9 Plays Today
% Correct
Frankenstein
97.7%
Spider
96.5%
Poe
94.4%
Moby Dick
93.3%
Denmark
92.7%
Roald Dahl
90.8%
Gryffindor
86.3%
Percy Jackson
79.1%
Leo
78.8%
Georgia
78.6%
The Outsiders
75.7%
Holden
71.6%
Iago
71.6%
Voltaire
71.3%
Eye
70.2%
% Correct
Gimli
70%
Jacob
68.1%
Defoe
67%
Michael Chabon
65.6%
Piggy
64.9%
To The Lighthouse
59.5%
Samwell Tarly
58.6%
Jubjub
56.6%
Holes
54.1%
Joe
53.1%
Rue
51.5%
Walt Whitman
51.1%
Kate
45.7%
Fanny Price
43.2%
BRAVE NEW WORLD
31.1%

You're not logged in!

Compare scores with friends on all Sporcle quizzes.
OR
Log In

Sporcle TV

Today on Sporcle TV


Watch our educational content, quiz creation guides, and fun videos on Sporcle TV.

Show Comments

Extras

Top Quizzes Today


Score Distribution

Your Account Isn't Verified!

In order to create a playlist on Sporcle, you need to verify the email address you used during registration. Go to your Sporcle Settings to finish the process.

Report this User

Report this user for behavior that violates our Community Guidelines.

Details: